000 00731nam a2200277Ia 4500
003 OSt
005 20220918222844.0
006 a|||||r|||| 00| 0
007 ta
008 220917b |||||||| |||| 00| 0 eng d
024 _a218,804
037 _cTextual
040 _aARTS
_cARTS
_beng
041 _2eng
_aeng
082 _aO111,2J64,HA, 153M8;N7
100 _aF//e
_9144245
245 0 _aj//wfbN 1601
260 _agfNnkbk,
_bgpbhe/FB fpU[o'
_c1997
300 _a131
_ccm.
650 _anzrq/ih ;kfjs
700 _a,
700 _a[oihs, Tr.
_9144246
700 _aghnol jK
_9144247
942 _hO111,2J64,HA, 153M8;N7
_cTEXL
_2CC
999 _c276666
_d276666